Atherosclerosis, mechanisms and approaches to therapy : a Biological Council symposium /

Bibliographic Details
Corporate Author: Biochemical Society (Great Britain)
Other Authors: Miller, N. E. (Norman Earl)
Format: Book
Language:English
Published: New York : Raven Press, [1984]
Subjects:

MARC

Tag First Indicator Second Indicator Subfields
LEADER 00000cam a2200000 a 4500
001 in00000519213
005 20151013081247.0
008 830913s1984 nyua b 10100 eng
010 |a  83019151  
020 |a 0890048983 
035 |a (OCoLC)09971271 
035 |9 ACF0938AM 
039 0 |a 2  |b 3  |c 3  |d 3  |e 3 
040 |a DLC  |c DLC  |d TXA  |d UtOrBLW 
049 |a TXAM 
050 1 0 |a RC692  |b .A7286 1984 
060 0 |a WG 550 A8695 1982 
082 0 |a 616.1/36  |2 19 
245 0 0 |a Atherosclerosis, mechanisms and approaches to therapy :  |b a Biological Council symposium /  |c editor, Norman E. Miller. 
264 1 |a New York :  |b Raven Press,  |c [1984] 
264 4 |c ©1984 
300 |a xii, 225 pages :  |b illustrations ;  |c 25 cm. 
336 |a text  |b txt  |2 rdacontent 
337 |a unmediated  |b n  |2 rdamedia 
338 |a volume  |b nc  |2 rdacarrier 
500 |a Proceedings of a symposium held in London, April 5-6, 1982, sponsored by the Biochemical Society and others. 
504 |a Includes bibliographies and index. 
650 0 |a Atherosclerosis  |v Congresses. 
650 2 |a Arteriosclerosis  |x etiology  |x Congresses. 
650 2 |a Arteriosclerosis  |x therapy  |x Congresses. 
650 2 |a Lipoproteins  |x metabolism  |x Congresses. 
650 2 |a Blood Platelets  |x physiology  |x congresses. 
650 2 |a Atherosclerosis. 
700 1 |a Miller, N. E.  |q (Norman Earl) 
710 2 |a Biochemical Society (Great Britain) 
999 |a MARS 
999 f f |s 619a6902-20ae-365c-9422-e67b5d37b83a  |i 2348506c-7a15-33de-addc-52ad269a0046  |t 0 
952 f f |p ric  |a Texas A&M University  |b Rellis Campus  |c Joint Library Facility  |d Remote Storage  |t 0  |e RC692 .A7286 1984  |h Library of Congress classification  |i unmediated -- volume  |m A14807963785 
998 f f |a RC692 .A7286 1984  |t 0  |l Remote Storage